| 000 | 00682cam a2200217 a 4500 | ||
|---|---|---|---|
| 001 | 1847972 | ||
| 005 | 20180124074212.0 | ||
| 008 | 810925s1979 cau b 000 0 eng | ||
| 010 | _a 81134109 | ||
| 020 |
_a0932790062 (pbk.) : _c$4.00 |
||
| 040 |
_aDLC _cDLC _dDLC |
||
| 041 | _aeng | ||
| 080 | _a330.156 von | ||
| 082 | 0 | 0 |
_a330.156 von _219 |
| 100 | 1 | _a52 | |
| 101 | _aeco | ||
| 245 | 1 | 2 |
_aA tiger by the tail : _cFriedrich A. Hayek ; compiled and introduced by Sudha R. Shenoy ; with a foreword by Leland B. Yeager. |
| 504 | _aBibliography: p. 151-155. | ||
| 906 |
_a7 _bcbc _corignew _d2 _encip _f19 _gy-gencatlg |
||
| 942 |
_2ddc _cBK |
||
| 999 |
_c40861 _d40861 |
||